000 00920nam a2200289Ia 4500
003 GCL
008 140319s9999 xx 000 0 ara d
040 _aGCL /
_cGCL
082 0 4 _a573
_bع ع
100 1 _aعايش محمود زيتون
245 1 0 _aعلم حياة الانسان - بيولوجيا الانسان /
_cعايش محمود زيتون
260 _a[S.N] :
_bدار الشروق ،
_c1994
300 _a576 ص
490 _a
650 0 4 _aالانسان
650 0 4 _aالبيئة والانسان
650 0 4 _aالجهاز العصبى
650 0 4 _aالجهاز التناسلى
650 0 4 _aالجهاز الهضمى
650 0 4 _aالجهاز العضلى
650 0 4 _aالانسجة
650 0 4 _aالجهاز التنفسى
650 0 4 _aالجهاز الدورى
650 0 4 _aالانسجة الحيوانية
650 0 4 _aالجهاز البولى
942 _2ddc
_cBK
999 _c27931
_d27931